Transformer-less series compensation of line-commutated converters for integration of offshore wind power (Record no. 566279)
[ view plain ]
| 000 -LEADER | |
|---|---|
| fixed length control field | 00422nam a22001217a 4500 |
| 040 ## - CATALOGING SOURCE | |
| Transcribing agency | NUST |
| 082 ## - DEWEY DECIMAL CLASSIFICATION NUMBER | |
| Classification number | 621.3 |
| Author Mark | JAF |
| 100 ## - MAIN ENTRY--PERSONAL NAME | |
| Personal name | Jafar, Muhammad |
| 9 (RLIN) | 55432 |
| 245 ## - TITLE STATEMENT | |
| Title | Transformer-less series compensation of line-commutated converters for integration of offshore wind power |
| Statement of responsibility, etc. | Muhammad Jafar |
| Medium | English |
| 260 ## - PUBLICATION, DISTRIBUTION, ETC. | |
| Place of publication, distribution, etc. | Norwegain |
| Name of publisher, distributor, etc. | Norwegain university of science and technology |
| Date of publication, distribution, etc. | 2013. |
| 300 ## - PHYSICAL DESCRIPTION | |
| Extent | 208 p4 |
| 942 ## - ADDED ENTRY ELEMENTS (KOHA) | |
| Source of classification or shelving scheme | |
| Koha item type | Book |
| Withdrawn status | Lost status | Source of classification or shelving scheme | Damaged status | Not for loan | Permanent Location | Current Location | Date acquired | Source of acquisition | Total Checkouts | Full call number | Barcode | Date last seen | Price effective from | Koha item type |
|---|---|---|---|---|---|---|---|---|---|---|---|---|---|---|
| Central Library (CL) | Central Library (CL) | 06/19/2021 | Donation | 621.3 JAF | CL-D-1077 | 06/19/2021 | 06/19/2021 | Book |
